000 00494nam a2200181Ia 4500
005 20250326124003.0
008 250326s9999 xx 000 0 und d
037 _aTextbook
040 _aFMSL
_beng
_cFMSL
041 _aeng
_2eng
084 _aX K3
_qFMSL
100 _aGill R T
_9124627
245 0 _aEconomic development: past and present
_cGill R T
260 _aNew Delhi
_bNew Delhi, Prentice-Hall
_c1965
300 _a120p
942 _cTB
_hX K3
999 _c1271774
_d1271774